[Event "TUR-chT 1st League"]
[Site "Ankara"]
[Date "2025.07.19"]
[Round "8.50"]
[White "Ghane Gardeh, Shojaat"]
[Black "Pektas, Yigit"]
[Result "0-1"]
[WhiteElo "2266"]
[BlackElo "2111"]
[PlyCount "53"]
[EventDate "2025.07.14"]
[EventType "team-swiss"]
[EventRounds "9"]
[EventCountry "TUR"]
[SourceTitle "CB30_2025"]
[SourceDate "2025.07.23"]
[SourceVersion "1"]
[SourceVersionDate "2025.07.23"]
[SourceQuality "1"]
[WhiteTeam "Doktor Metin Surmeli"]
[BlackTeam "Karaman Saglik"]
[WhiteTeamCountry "TUR"]
[BlackTeamCountry "TUR"]

1. d4 d5 2. c4 e6 3. Nc3 Nf6 4. Bg5 Be7 5. e3 0-0 6. Nf3 c6 7. Qc2 Nbd7 8. a3 b6 9. Rd1 Bb7 10. Bd3 Rc8 11. cxd5 cxd5 12. Bxf6 Nxf6 13. Ne5 Ne4 14. f3 Nxc3 15. bxc3 Qc7 16. Bxh7+ Kh8 17. Kd2 Bd6 18. Bd3 Bxe5 19. dxe5 Qxe5 20. Rc1 Qg5 21. Qa4 Qxg2+ 22. Be2 d4 23. cxd4 Bxf3 24. Qa6 b5 25. Rxc8 Qxe2+ 26. Kc1 Rxc8+ 27. Qxc8+ 0-1

[Event "TUR-chT 1st League"]
[Site "Ankara"]
[Date "2025.07.18"]
[Round "6.56"]
[White "Pektas, Yigit"]
[Black "Pour Agha Bala, Amirreza"]
[Result "0-1"]
[WhiteElo "2111"]
[BlackElo "2479"]
[PlyCount "37"]
[EventDate "2025.07.14"]
[EventType "team-swiss"]
[EventRounds "9"]
[EventCountry "TUR"]
[SourceTitle "CB30_2025"]
[SourceDate "2025.07.23"]
[SourceVersion "1"]
[SourceVersionDate "2025.07.23"]
[SourceQuality "1"]
[WhiteTeam "Karaman Saglik"]
[BlackTeam "Mavisehir Altyapi"]
[WhiteTeamCountry "TUR"]
[BlackTeamCountry "TUR"]

1. d4 b6 2. e4 Bb7 3. Nc3 e6 4. a3 d6 5. Nf3 Nd7 6. Bd3 g6 7. Bg5 Ne7 8. e5 d5 9. Qd2 h6 10. Be3 c5 11. b4 c4 12. Be2 Nf5 13. 0-0 a5 14. Na4 Bc6 15. Nb2 Bg7 16. c3 0-0 17. g4 Nxe3 18. Qxe3 Qe7 19. g5 0-1

[Event "TUR-chT 1st League"]
[Site "Ankara"]
[Date "2025.07.14"]
[Round "1.8"]
[White "Citak, Selim"]
[Black "Pektas, Yigit"]
[Result "1-0"]
[WhiteElo "2361"]
[BlackElo "2111"]
[PlyCount "85"]
[EventDate "2025.07.14"]
[EventType "team-swiss"]
[EventRounds "9"]
[EventCountry "TUR"]
[SourceTitle "CB30_2025"]
[SourceDate "2025.07.23"]
[SourceVersion "1"]
[SourceVersionDate "2025.07.23"]
[SourceQuality "1"]
[WhiteTeam "Yildiz Satranc"]
[BlackTeam "Karaman Saglik"]
[WhiteTeamCountry "TUR"]
[BlackTeamCountry "TUR"]

1. d4 Nf6 2. c4 e6 3. Nc3 d5 4. Bg5 Be7 5. e3 0-0 6. Nf3 c6 7. Bd3 Nbd7 8. 0-0 h6 9. Bh4 dxc4 10. Bxc4 Nd5 11. Bg3 Nxc3 12. bxc3 b5 13. Bd3 a6 14. a4 Nb6 15. Ne5 Bb7 16. Bc2 Nxa4 17. Qd3 f5 18. Bxa4 bxa4 19. Rfb1 Ra7 20. Qc4 Qd5 21. Qxd5 cxd5 22. Ng6 Re8 23. Bb8 Rxb8 24. Nxe7+ Kf7 25. Nc6 Bxc6 26. Rxb8 Rc7 27. h4 Bb5 28. Ra3 g5 29. h5 f4 30. exf4 gxf4 31. Kh2 Be2 32. f3 Bd1 33. Rb6 Bb3 34. Rxa6 Rxc3 35. R6xa4 Re3 36. Ra8 e5 37. dxe5 Bc2 38. R3a7+ Ke6 39. Re8+ Kf5 40. Rf7+ Kg5 41. Rg8+ Kxh5 42. Rxf4 Rxe5 43. Kh3 1-0

[Event "TUR-chT 1st League"]
[Site "Denizli"]
[Date "2024.07.21"]
[Round "9.44"]
[White "Pektas, Yigit"]
[Black "Capan, Ozan"]
[Result "1/2-1/2"]
[WhiteElo "2109"]
[BlackElo "1940"]
[PlyCount "60"]
[EventDate "2024.07.15"]
[EventType "team-swiss"]
[EventRounds "9"]
[EventCountry "TUR"]
[SourceTitle "EXT 2025"]
[Source "ChessBase"]
[SourceDate "2024.10.14"]
[SourceVersion "1"]
[SourceVersionDate "2024.10.14"]
[SourceQuality "1"]
[WhiteTeam "Karaman Saglik"]
[BlackTeam "Karsiyaka Ihtisas"]
[WhiteTeamCountry "TUR"]
[BlackTeamCountry "TUR"]

1. d4 d5 2. c4 e6 3. Nf3 Nf6 4. g3 Be7 5. Bg2 0-0 6. 0-0 dxc4 7. Qc2 a6 8. Qxc4 b5 9. Qc2 Bb7 10. Bd2 Nbd7 11. Ba5 Rc8 12. Nbd2 Qe8 13. b4 Bd6 14. Rac1 e5 15. Nxe5 Bxg2 16. Nxd7 Nxd7 17. Kxg2 Qxe2 18. Rfe1 Qh5 19. Ne4 Qd5 20. Qc6 Nf6 21. f3 Qxd4 22. Red1 Qe5 23. Nxd6 Qe2+ 24. Kg1 Qe3+ 25. Kg2 Qe2+ 26. Kg1 Qe3+ 27. Kg2 Qe2+ 28. Kg1 Qe3+ 29. Kg2 Qe2+ 30. Kg1 Qe3+ 1/2-1/2

[Event "TUR-chT 1st League"]
[Site "Denizli"]
[Date "2024.07.19"]
[Round "6.56"]
[White "Hasanzade, Toghrul Qasim Oglu"]
[Black "Pektas, Yigit"]
[Result "0-1"]
[WhiteElo "2370"]
[BlackElo "2109"]
[PlyCount "78"]
[EventDate "2024.07.15"]
[EventType "team-swiss"]
[EventRounds "9"]
[EventCountry "TUR"]
[SourceTitle "EXT 2025"]
[Source "ChessBase"]
[SourceDate "2024.10.14"]
[SourceVersion "1"]
[SourceVersionDate "2024.10.14"]
[SourceQuality "1"]
[WhiteTeam "Dogru Hamle Genclik"]
[BlackTeam "Karaman Saglik"]
[WhiteTeamCountry "TUR"]
[BlackTeamCountry "TUR"]

1. e4 e5 2. Nf3 d6 3. d4 exd4 4. Nxd4 Nf6 5. Nc3 Be7 6. Be2 0-0 7. 0-0 Re8 8. f4 Bf8 9. Bf3 c5 10. Nde2 Nc6 11. h3 Bd7 12. g4 b5 13. Ng3 Nd4 14. g5 b4 15. Nb1 Bxh3 16. gxf6 Bxf1 17. fxg7 Bxg7 18. Kxf1 Qh4 19. Kg2 Kh8 20. Be3 Rg8 21. c3 Be5 22. cxd4 Rxg3+ 23. Kf1 Qh3+ 24. Kf2 Qh2+ 25. Ke1 Bxf4 26. Qe2 Rxf3 27. Qxf3 Bxe3 28. Qxe3 Qxb2 29. e5 Qxa1 30. Qe4 Re8 31. Qf5 Qxd4 32. Qf6+ Kg8 33. Qg5+ Kf8 34. Qh6+ Ke7 35. Qf6+ Kd7 36. Qxf7+ Kd8 37. Qf6+ Kc8 38. Qf5+ Kb8 39. e6 Qe3+ 0-1

[Event "TUR-chT 1st League"]
[Site "Denizli"]
[Date "2024.07.15"]
[Round "1.62"]
[White "Erdogan, Atakan"]
[Black "Pektas, Yigit"]
[Result "0-1"]
[WhiteElo "1922"]
[BlackElo "2109"]
[PlyCount "75"]
[EventDate "2024.07.15"]
[EventType "team-swiss"]
[EventRounds "9"]
[EventCountry "TUR"]
[SourceTitle "EXT 2025"]
[Source "ChessBase"]
[SourceDate "2024.10.14"]
[SourceVersion "1"]
[SourceVersionDate "2024.10.14"]
[SourceQuality "1"]
[WhiteTeam "Seyhan Belediye"]
[BlackTeam "Karaman Saglik"]
[WhiteTeamCountry "TUR"]
[BlackTeamCountry "TUR"]

1. c4 c6 2. Nf3 d5 3. b3 dxc4 4. bxc4 e5 5. Qc2 Nd7 6. Bb2 Bd6 7. g3 Ngf6 8. Bg2 0-0 9. 0-0 Re8 10. Nc3 Nc5 11. d3 Bg4 12. Nd2 Qe7 13. Rfe1 Rad8 14. Rab1 Bf5 15. Bc1 Bg6 16. f3 Ne6 17. e3 Bc5 18. Nde4 Nxe4 19. dxe4 f6 20. Na4 Bb4 21. Re2 b5 22. Nb2 a6 23. Nd3 Ba5 24. Bd2 Bxd2 25. Rxd2 Qa7 26. Kf2 Bf7 27. Nb4 Rxd2+ 28. Qxd2 bxc4 29. Bf1 Qb6 30. Rb2 Nc5 31. Nd5 Qd8 32. Nb4 c3 33. Qxd8 Rxd8 34. Rc2 Rd2+ 35. Rxd2 cxd2 36. Be2 a5 37. Nxc6 Nxe4+ 38. Kf1 0-1

[Event "TUR-chT 1st League"]
[Site "Denizli"]
[Date "2023.07.12"]
[Round "5.71"]
[White "Pektas, Yigit"]
[Black "Kara, Goktan Can"]
[Result "0-1"]
[WhiteElo "2158"]
[BlackElo "1699"]
[PlyCount "69"]
[EventDate "2023.07.09"]
[EventType "team-swiss"]
[EventRounds "9"]
[EventCountry "TUR"]
[SourceTitle "CBM 215 Extra"]
[Source "ChessBase"]
[SourceDate "2023.09.30"]
[SourceVersion "1"]
[SourceVersionDate "2023.09.30"]
[SourceQuality "1"]
[WhiteTeam "Karaman Saglik"]
[BlackTeam "Salihli Sardes"]
[WhiteTeamCountry "TUR"]
[BlackTeamCountry "TUR"]

1. d4 d5 2. Nf3 Nf6 3. e3 e6 4. Bd3 Bd6 5. 0-0 Nbd7 6. Nbd2 0-0 7. e4 dxe4 8. Nxe4 Nxe4 9. Bxe4 Nf6 10. Bd3 c5 11. dxc5 Bxc5 12. Bg5 h6 13. Bh4 Be7 14. Qe2 Qb6 15. Ne5 Qd4 16. Ng4 Nd5 17. Bxe7 Nxe7 18. c3 Qb6 19. Rad1 Bd7 20. Ne5 Bc6 21. Nxc6 Nxc6 22. Qe4 g6 23. b4 Rac8 24. Rfe1 Rfd8 25. Qh4 Kg7 26. Re3 Rd5 27. Rde1 Rcd8 28. Rf3 Qc7 29. Qf6+ Kg8 30. Bxg6 fxg6 31. Qxg6+ Qg7 32. Qxe6+ Kh8 33. Rf7 Re5 34. Rxe5 Nxe5 35. f4 0-1

[Event "TUR-chT 1st League"]
[Site "Denizli"]
[Date "2023.07.10"]
[Round "2.61"]
[White "Pektas, Yigit"]
[Black "Baglan, Esat"]
[Result "0-1"]
[WhiteElo "2158"]
[BlackElo "2325"]
[PlyCount "80"]
[EventDate "2023.07.09"]
[EventType "team-swiss"]
[EventRounds "9"]
[EventCountry "TUR"]
[SourceTitle "CBM 215 Extra"]
[Source "ChessBase"]
[SourceDate "2023.09.30"]
[SourceVersion "1"]
[SourceVersionDate "2023.09.30"]
[SourceQuality "1"]
[WhiteTeam "Karaman Saglik"]
[BlackTeam "Olbia Satranc"]
[WhiteTeamCountry "TUR"]
[BlackTeamCountry "TUR"]

1. d4 d6 2. Nf3 g6 3. e4 Nf6 4. Bd3 Bg7 5. 0-0 0-0 6. Nbd2 Nc6 7. c3 e5 8. Re1 Nh5 9. Nb3 Bg4 10. Be2 h6 11. h3 Bd7 12. dxe5 dxe5 13. Be3 b6 14. Qd2 Kh7 15. Rad1 Nf6 16. Qc2 Qe7 17. a4 Rad8 18. Nbd2 Nh5 19. Nc4 a5 20. b3 Nf4 21. Bf1 Qf6 22. Nh2 Bc8 23. Bc1 Rxd1 24. Rxd1 Rd8 25. Ne3 h5 26. Nf3 Nxh3+ 27. Kh2 Qf4+ 28. Kh1 Nxf2+ 29. Qxf2 Rxd1 30. Nxd1 Qxc1 31. Ne3 f6 32. Kh2 Be6 33. Nh4 Ne7 34. Be2 Qd2 35. c4 Qd4 36. Qf3 c6 37. Bd1 Qd2 38. Be2 Kg8 39. Bd1 Kf7 40. Qg3 Bh6 0-1

[Event "TUR-chT 1st League"]
[Site "Denizli"]
[Date "2023.07.09"]
[Round "1.81"]
[White "Pektas, Yigit"]
[Black "Erdogan, Hakan"]
[Result "0-1"]
[WhiteElo "2158"]
[BlackElo "2099"]
[PlyCount "61"]
[EventDate "2023.07.09"]
[EventType "team-swiss"]
[EventRounds "9"]
[EventCountry "TUR"]
[SourceTitle "CBM 215 Extra"]
[Source "ChessBase"]
[SourceDate "2023.09.30"]
[SourceVersion "1"]
[SourceVersionDate "2023.09.30"]
[SourceQuality "1"]
[WhiteTeam "Karaman Saglik"]
[BlackTeam "Istanbul Teknik Uni"]
[WhiteTeamCountry "TUR"]
[BlackTeamCountry "TUR"]

1. d4 Nf6 2. Bg5 c5 3. Nc3 cxd4 4. Qxd4 Nc6 5. Qh4 Qa5 6. 0-0-0 h6 7. Nf3 Rg8 8. Bxf6 gxf6 9. e4 d6 10. h3 Be6 11. Kb1 Rc8 12. Rd5 Bxd5 13. exd5 Ne5 14. Nd4 Rxc3 15. bxc3 Qxc3 16. Nb5 Qe1+ 17. Kb2 Qa5 18. Qd4 Qb6 19. Qc3 Kd8 20. f4 Nd7 21. f5 a6 22. a4 Nc5 23. Qb4 axb5 24. a5 Qc7 25. Bxb5 Rxg2 26. Ra1 h5 27. Bf1 Rf2 28. Qb6 Bh6 29. Bb5 Be3 30. Kb1 Bd4 31. Ra3 0-1

[Event "TUR-chT 1st League"]
[Site "Konya"]
[Date "2022.08.26"]
[Round "7.9"]
[White "Pektas, Yigit"]
[Black "Onay, Emrah"]
[Result "1-0"]
[WhiteElo "2152"]
[BlackElo "1837"]
[PlyCount "117"]
[EventDate "2022.08.22"]
[EventType "team-swiss"]
[EventRounds "9"]
[EventCountry "TUR"]
[SourceTitle "CBM 209 Extra"]
[Source "ChessBase"]
[SourceDate "2022.09.30"]
[SourceVersion "1"]
[SourceVersionDate "2022.09.30"]
[SourceQuality "1"]
[WhiteTeam "Karaman Saglik"]
[BlackTeam "Denizli Metin Surmeli"]
[WhiteTeamCountry "TUR"]
[BlackTeamCountry "TUR"]

1. d4 f5 2. Nc3 d5 3. Bg5 c6 4. e3 Qb6 5. Rb1 Nd7 6. Bd3 e6 7. Nh3 Ndf6 8. Nf4 Qc7 9. 0-0 Qf7 10. Be2 Bd6 11. Nd3 Qc7 12. f4 b5 13. Nc5 a5 14. a3 a4 15. Nd3 Nd7 16. Ne5 Ngf6 17. Rf3 0-0 18. Rg3 Bxe5 19. fxe5 Ne8 20. Rh3 Rf7 21. Qe1 Nf8 22. Qh4 g6 23. Rf1 Rb8 24. Bd3 Rb7 25. Qh6 Rb8 26. Rg3 Ng7 27. h4 Rb7 28. Ne2 Nh5 29. Rgf3 c5 30. c3 c4 31. Bc2 Qc6 32. Kh2 Qe8 33. Ng1 Ra7 34. Nh3 Rab7 35. R3f2 Ra7 36. Bd1 Ng7 37. Nf4 Rfc7 38. Rf3 Qf7 39. Rg3 Ne8 40. Nh5 Nd7 41. Nf4 Nf8 42. Nh5 Nd7 43. Rh1 Qf8 44. Nf4 Qxh6 45. Bxh6 Nf8 46. h5 g5 47. Bxg5 Kh8 48. h6 Ng6 49. Bh5 Rf7 50. Nxg6+ hxg6 51. Bxg6 Rf8 52. Bxe8 Rxe8 53. Bf6+ Kh7 54. Rg7+ Rxg7 55. hxg7 Kg6 56. Kg3 Rg8 57. Rh8 Kf7 58. Kf4 Bd7 59. Kg5 1-0

[Event "TUR-chT 1st League"]
[Site "Konya"]
[Date "2022.08.25"]
[Round "6.8"]
[White "Benidze, Davit"]
[Black "Pektas, Yigit"]
[Result "1-0"]
[WhiteElo "2381"]
[BlackElo "2152"]
[PlyCount "53"]
[EventDate "2022.08.22"]
[EventType "team-swiss"]
[EventRounds "9"]
[EventCountry "TUR"]
[SourceTitle "CBM 209 Extra"]
[Source "ChessBase"]
[SourceDate "2022.09.30"]
[SourceVersion "1"]
[SourceVersionDate "2022.09.30"]
[SourceQuality "1"]
[WhiteTeam "Dogru Hamle Genclik"]
[BlackTeam "Karaman Saglik"]
[WhiteTeamCountry "TUR"]
[BlackTeamCountry "TUR"]

1. Nf3 d5 2. g3 Nf6 3. Bg2 Nbd7 4. d4 e6 5. 0-0 Be7 6. Nbd2 0-0 7. c4 c6 8. Qc2 b6 9. Rd1 Bb7 10. e4 Rc8 11. b3 c5 12. e5 Ne8 13. dxc5 Bxc5 14. Bb2 dxc4 15. bxc4 Qc7 16. Ne4 Bxe4 17. Qxe4 g6 18. Qh4 Ng7 19. Ng5 h5 20. Ne4 Rfd8 21. Qf4 Nf5 22. Bh3 Bf8 23. Bxf5 exf5 24. Nd6 Nc5 25. Nxc8 Qxc8 26. Rxd8 Qxd8 27. Qd4 1-0

[Event "TUR-chT 1st League"]
[Site "Konya"]
[Date "2022.08.23"]
[Round "2.3"]
[White "Buyukasik, Diyap"]
[Black "Pektas, Yigit"]
[Result "1/2-1/2"]
[WhiteElo "2235"]
[BlackElo "2152"]
[PlyCount "76"]
[EventDate "2022.08.22"]
[EventType "team-swiss"]
[EventRounds "9"]
[EventCountry "TUR"]
[SourceTitle "CBM 209 Extra"]
[Source "ChessBase"]
[SourceDate "2022.09.30"]
[SourceVersion "1"]
[SourceVersionDate "2022.09.30"]
[SourceQuality "1"]
[WhiteTeam "Beyazkale Dernegi"]
[BlackTeam "Karaman Saglik"]
[WhiteTeamCountry "TUR"]
[BlackTeamCountry "TUR"]

1. Nf3 d5 2. c4 d4 3. b4 f6 4. d3 e5 5. Qb3 a5 6. bxa5 Rxa5 7. Nbd2 Na6 8. g3 Nc5 9. Qc2 Bd6 10. Bg2 Bd7 11. 0-0 Ne7 12. Nb3 Nxb3 13. Qxb3 Bc6 14. e3 Bc5 15. exd4 exd4 16. Nd2 Bxg2 17. Kxg2 Qa8 18. Qc2 b6+ 19. Kg1 0-0 20. Nb3 Ra6 21. Bd2 Nc6 22. f4 Nb4 23. Qb1 Rxa2 24. Rxa2 Qxa2 25. Qxa2 Nxa2 26. Ra1 Nb4 27. Bxb4 Bxb4 28. Ra7 Re8 29. Rxc7 Re3 30. Nxd4 Bc5 31. Nf5 Rxg3+ 32. Kf1 Rf3+ 33. Ke2 Rf2+ 34. Kd1 g6 35. Nh6+ Kh8 36. Nf7+ Kg7 37. Ne5+ Kg8 38. Rc8+ Kg7 1/2-1/2

[Event "TUR-chT 1st League"]
[Site "Konya"]
[Date "2022.08.23"]
[Round "3.5"]
[White "Pektas, Yigit"]
[Black "Ataman, Alper Efe"]
[Result "1-0"]
[WhiteElo "2152"]
[BlackElo "2155"]
[PlyCount "121"]
[EventDate "2022.08.22"]
[EventType "team-swiss"]
[EventRounds "9"]
[EventCountry "TUR"]
[SourceTitle "CBM 209 Extra"]
[Source "ChessBase"]
[SourceDate "2022.09.30"]
[SourceVersion "1"]
[SourceVersionDate "2022.09.30"]
[SourceQuality "1"]
[WhiteTeam "Karaman Saglik"]
[BlackTeam "Bulancak Ihsaniye Genclik"]
[WhiteTeamCountry "TUR"]
[BlackTeamCountry "TUR"]

1. d4 Nf6 2. c4 e6 3. Nf3 Bb4+ 4. Nbd2 d6 5. g3 Nc6 6. Bg2 a5 7. a3 Bxd2+ 8. Bxd2 a4 9. Qc2 0-0 10. 0-0 Bd7 11. e4 e5 12. dxe5 dxe5 13. Bc3 Qe7 14. Bb4 Nxb4 15. axb4 Rfe8 16. c5 Bc6 17. Rfe1 Red8 18. Bf1 Qe8 19. Qc4 b5 20. cxb6 cxb6 21. b5 Bb7 22. Rxa4 Rac8 23. Qb3 Nd7 24. Ra7 Rc7 25. Qa2 Rdc8 26. Bh3 Rd8 27. Rd1 Nc5 28. Rxd8 Qxd8 29. Nxe5 Bxe4 30. Rxc7 Qxc7 31. f4 Kf8 32. Qc4 f6 33. Nd7+ Ke7 34. b4 Bd3 35. Qc3 Ne6 36. Qxd3 Qxd7 37. Qe3 Qd4 38. Kf2 Qxe3+ 39. Kxe3 Nc7 40. Kd4 Kd6 41. Bf1 Nd5 42. Bd3 h6 43. Be4 Nc7 44. Bc6 f5 45. Kc4 Ke6 46. Bb7 g6 47. h4 Kf6 48. Bc8 h5 49. Kd4 Ke7 50. Ke5 Nxb5 51. Ba6 Nd6 52. Bd3 Ne8 53. Kd5 Nf6+ 54. Kc6 Ne4 55. Kxb6 Nxg3 56. Kc7 Ne4 57. b5 Nc3 58. Bc4 Na4 59. b6 Nxb6 60. Kxb6 Kd6 61. Bf7 1-0

[Event "Ankara Ipek Memorial 8th"]
[Site "Ankara"]
[Date "2020.03.07"]
[Round "4"]
[White "Pektas, Yigit"]
[Black "Ersahince, Umut Utku"]
[Result "1-0"]
[WhiteElo "2161"]
[BlackElo "1645"]
[PlyCount "65"]
[EventDate "2020.03.04"]
[EventType "swiss"]
[EventRounds "7"]
[EventCountry "TUR"]
[SourceTitle "CBM 195 Extra"]
[Source "ChessBase"]
[SourceDate "2020.05.31"]
[SourceVersion "1"]
[SourceVersionDate "2020.05.31"]
[SourceQuality "1"]

1. d4 d5 2. c4 dxc4 3. e3 c5 4. Bxc4 cxd4 5. exd4 e6 6. Nf3 Nc6 7. 0-0 Nf6 8. Nc3 Be7 9. Re1 0-0 10. Bg5 b6 11. a3 Bb7 12. Ba2 Rc8 13. Qd3 Nd5 14. Bb1 g6 15. Bh6 Re8 16. Ba2 Nxc3 17. bxc3 Bf6 18. Qe3 Bg7 19. Rad1 Ne7 20. Bg5 Bd5 21. c4 Bxc4 22. Bxc4 Rxc4 23. d5 Nf5 24. Qd3 Qc8 25. d6 Rd4 26. Nxd4 Nxd4 27. Be3 e5 28. Bxd4 exd4 29. Qb5 Rd8 30. Re8+ Bf8 31. Rxd8 Qxd8 32. d7 Qc7 33. Qd5 1-0

[Event "Ankara Ipek Memorial 8th"]
[Site "Ankara"]
[Date "2020.03.04"]
[Round "1"]
[White "Yilmaz, Baver"]
[Black "Pektas, Yigit"]
[Result "0-1"]
[WhiteElo "1446"]
[BlackElo "2161"]
[PlyCount "140"]
[EventDate "2020.03.04"]
[EventType "swiss"]
[EventRounds "7"]
[EventCountry "TUR"]
[SourceTitle "CBM 195 Extra"]
[Source "ChessBase"]
[SourceDate "2020.05.31"]
[SourceVersion "1"]
[SourceVersionDate "2020.05.31"]
[SourceQuality "1"]

1. e4 Nf6 2. e5 Nd5 3. c4 Nb6 4. d4 d6 5. exd6 exd6 6. Nf3 Be7 7. Nc3 0-0 8. Bd3 Re8 9. 0-0 c6 10. Qc2 h6 11. Be3 d5 12. c5 N6d7 13. Ne2 Nf8 14. Ng3 Bg4 15. h3 Bxf3 16. gxf3 Ne6 17. Kh2 Qc7 18. Bf5 Bh4 19. Rg1 Ng5 20. Bg4 g6 21. f4 Bxg3+ 22. Rxg3 Ne4 23. Rg2 Nd7 24. Kh1 Ndf6 25. Rag1 Nxg4 26. Rxg4 Qe7 27. f5 g5 28. h4 f6 29. Qd1 Qh7 30. Qf3 Kf8 31. R4g2 Ke7 32. Qh3 Kd7 33. hxg5 fxg5 34. Bxg5 Qf7 35. Be3 Ng5 36. Qg3 Rad8 37. Bf4 Re4 38. Bxg5 hxg5 39. Rh2 Rg8 40. Rd1 Qxf5 41. Qh3 Qxh3 42. Rxh3 Re2 43. Rh7+ Kc8 44. Rd3 Rxf2 45. Rb3 g4 46. Rhxb7 Rff8 47. Rxa7 Re8 48. Ra8+ Kd7 49. Rxe8 Rxe8 50. a4 Re4 51. Rd3 Re2 52. Rb3 Rd2 53. a5 Rxd4 54. Ra3 Kc7 55. Ra2 Kb7 56. Kg2 Ka6 57. Kg3 Rc4 58. Ra3 Rxc5 59. b4 Rc4 60. Rb3 Kb5 61. Kh4 Re4 62. Kg3 d4 63. Kh4 Kc4 64. Rb1 d3 65. Rc1+ Kxb4 66. a6 d2 67. Rd1 Kc3 68. Ra1 Re8 69. Kxg4 Kb2 70. Rh1 Kc2 0-1

[Event "TUR Cup"]
[Site "Antalya"]
[Date "2020.02.02"]
[Round "11"]
[White "Pektas, Yigit"]
[Black "Ozenir, Ekin Baris"]
[Result "1/2-1/2"]
[WhiteElo "2155"]
[BlackElo "2285"]
[PlyCount "62"]
[EventDate "2020.01.26"]
[EventType "swiss"]
[EventRounds "11"]
[EventCountry "TUR"]
[SourceTitle "CBM 194 Extra"]
[Source "ChessBase"]
[SourceDate "2020.03.31"]
[SourceVersion "1"]
[SourceVersionDate "2020.03.31"]
[SourceQuality "1"]

1. d4 e6 2. c4 Nf6 3. g3 c5 4. d5 exd5 5. cxd5 d6 6. Nc3 g6 7. Bg2 Bg7 8. Nf3 0-0 9. 0-0 Re8 10. Nd2 Nbd7 11. h3 a6 12. a4 Nh5 13. Nde4 Qe7 14. g4 Nhf6 15. Ng3 h6 16. f4 Rb8 17. e4 Qd8 18. e5 dxe5 19. g5 hxg5 20. fxg5 Nh7 21. Nce4 Nb6 22. d6 Be6 23. Nxc5 Nxg5 24. d7 Nxd7 25. Nxd7 Bxd7 26. Bxg5 Qxg5 27. Qxd7 Qxg3 28. Rxf7 Qe3+ 29. Kh1 Qh6 30. Raf1 e4 31. Qg4 Rf8 1/2-1/2

[Event "TUR Cup"]
[Site "Antalya"]
[Date "2020.01.30"]
[Round "7"]
[White "Pektas, Yigit"]
[Black "Aydincelebi, Kagan"]
[Result "1/2-1/2"]
[WhiteElo "2155"]
[BlackElo "2249"]
[PlyCount "93"]
[EventDate "2020.01.26"]
[EventType "swiss"]
[EventRounds "11"]
[EventCountry "TUR"]
[SourceTitle "CBM 194 Extra"]
[Source "ChessBase"]
[SourceDate "2020.03.31"]
[SourceVersion "1"]
[SourceVersionDate "2020.03.31"]
[SourceQuality "1"]

1. d4 d5 2. c4 dxc4 3. e3 Nf6 4. Nf3 e6 5. Bxc4 c5 6. 0-0 a6 7. b3 cxd4 8. Nxd4 Be7 9. Bb2 0-0 10. Be2 Bd7 11. Nd2 Nc6 12. Bf3 Rc8 13. Rc1 Nxd4 14. Bxd4 Bb5 15. Nc4 Bxc4 16. bxc4 Qc7 17. Qb3 e5 18. Bb6 Qb8 19. Bd5 Nxd5 20. cxd5 Qd6 21. e4 Qd7 22. Rc3 Rxc3 23. Qxc3 Bd6 24. Rc1 f6 25. f3 Kf7 26. Qc4 h5 27. h3 g5 28. g4 Rh8 29. Kg2 Kg6 30. a4 Qh7 31. Rc3 Qd7 32. Rc2 Qh7 33. Qb3 Qd7 34. Bc5 hxg4 35. fxg4 Bxc5 36. Rxc5 Rc8 37. Rc4 b5 38. axb5 axb5 39. Rxc8 Qxc8 40. Qxb5 Qc2+ 41. Kf3 Qc3+ 42. Ke2 Qc2+ 43. Ke3 Qc1+ 44. Ke2 Qc2+ 45. Kf3 Qc3+ 46. Kf2 Qd4+ 47. Kf3 1/2-1/2

[Event "EU-ch U18"]
[Site "Bratislava"]
[Date "2019.08.08"]
[Round "7"]
[White "Storme, Isak"]
[Black "Pektas, Yigit"]
[Result "1/2-1/2"]
[WhiteElo "2346"]
[BlackElo "2073"]
[PlyCount "81"]
[EventDate "2019.08.02"]
[EventType "swiss"]
[EventRounds "9"]
[EventCountry "SVK"]
[SourceTitle "CBM 191 Extra"]
[Source "ChessBase"]
[SourceDate "2019.09.30"]
[SourceVersion "1"]
[SourceVersionDate "2019.09.30"]
[SourceQuality "1"]

1. e4 Nf6 2. e5 Nd5 3. d4 d6 4. Nf3 dxe5 5. Nxe5 c6 6. Be2 Bf5 7. 0-0 Nd7 8. Nd3 e6 9. a3 Be7 10. c4 N5f6 11. b3 0-0 12. Bb2 c5 13. dxc5 Nxc5 14. Nxc5 Bxc5 15. b4 Be7 16. Nc3 a6 17. Qb3 Qc7 18. Rac1 Rfd8 19. Rfd1 Ng4 20. g3 Bf6 21. Bf3 Ne5 22. Be2 Bd3 23. Nd5 exd5 24. cxd5 Qd7 25. Bxd3 Nf3+ 26. Kg2 Bxb2 27. Qxb2 Ng5 28. Bf1 Qf5 29. Qd4 Qf3+ 30. Kg1 Qxa3 31. Bg2 Nf3+ 32. Bxf3 Qxf3 33. d6 Qf6 34. Qb6 Rd7 35. Rc7 Rad8 36. Rxb7 Qf3 37. Rxd7 Qxd1+ 38. Kg2 Qd5+ 39. Kg1 Qd1+ 40. Kg2 Qd5+ 41. Kg1 1/2-1/2

[Event "EU-ch U18"]
[Site "Bratislava"]
[Date "2019.08.03"]
[Round "2"]
[White "Pektas, Yigit"]
[Black "Heimisson, Hilmir Freyr"]
[Result "1-0"]
[WhiteElo "2073"]
[BlackElo "2258"]
[PlyCount "93"]
[EventDate "2019.08.02"]
[EventType "swiss"]
[EventRounds "9"]
[EventCountry "SVK"]
[SourceTitle "CBM 191 Extra"]
[Source "ChessBase"]
[SourceDate "2019.09.30"]
[SourceVersion "1"]
[SourceVersionDate "2019.09.30"]
[SourceQuality "1"]

1. d4 e6 2. c4 b6 3. e4 Bb4+ 4. Nd2 Bb7 5. Bd3 f5 6. d5 fxe4 7. Qh5+ Kf8 8. Bxe4 Nf6 9. Qf3 exd5 10. Bc2 Nc6 11. Ne2 Ne5 12. Qf4 Bd6 13. 0-0 Nxc4 14. Qg5 Qe8 15. Ng3 Qf7 16. Nf3 Re8 17. b3 Ne5 18. Nh4 c5 19. Bf4 Ne4 20. Bxe4 dxe4 21. Nhf5 Bc7 22. Nh5 Rg8 23. f3 exf3 24. Rae1 fxg2 25. Bxe5 Rxe5 26. Qg4 gxf1Q+ 27. Rxf1 Qg6 28. Nh4+ Ke8 29. Nxg6 hxg6 30. Qxg6+ Kd8 31. Nf6 gxf6 32. Qxg8+ Re8 33. Qg7 Be5 34. Rd1 Bc6 35. h4 Re7 36. Qg8+ Re8 37. Qg6 Rh8 38. h5 Kc7 39. h6 f5 40. Qxf5 Rg8+ 41. Kf2 Bg3+ 42. Ke2 Re8+ 43. Kf1 Re3 44. h7 Rf3+ 45. Qxf3 Bxf3 46. Re1 Bxe1 47. Kxe1 1-0